Quadratics - Statistics

General Stats
  • This quiz has been taken 62 times
  • The average score is 5 of 10
Answer Stats
Question Answer % Correct
What methods can you use to solve and or factorise quadratic equations? All of the above
71%
How is the y-intercept found? Making x value to zero
71%
How is the vertical axis of symmetry found? Substitution of the horizontal axis of symmetry in to the quadratic equation
64%
What is the formula completing the square is based off? (a+b)^2=a^2+2ab+b^2
57%
What causes the parabola to curve down? A negative constant in the first term (standard from), e.g x to the highest index
57%
What is a name for this expression x^5-4x^4-8x^3+6x^2+12w-7? Fifth order polynomial
57%
What does a negative discriminate mean? The parabola does not have x-intercepts
57%
What formula is used to find the horizontal axis of symmetry? Average Formula
43%
What is the most simple way of factorising x^2-26x+169? PSN method
29%
How do you find the intersection point of two parabolas? Simultaneous Equations and Combining the equations
14%
No matching quizzes found
Score Distribution
Percent of People with Each Score
Percentile by Number Answered
Your Score History
You have not taken this quiz